| 000 | 00600nam a22001817a 4500 | ||
|---|---|---|---|
| 008 | 090222t xxu||||| |||| 00| 0 eng d | ||
| 020 | _a9781416003038 | ||
| 082 |
_222 _a610.7361 _bBAR NR |
||
| 245 |
_aPractice Guidelines for Acute Care nurse Practitioners/ _cThomas W.Barkley & Charlene M. NMyers |
||
| 250 | _a2nd ed. | ||
| 260 |
_aPhiladelphia ; London : _b W.B. Saunders, _c2008 |
||
| 300 |
_a1000p.; _c16 cm. |
||
| 650 |
_92173 _a Emergency nursing |
||
| 650 |
_92175 _aNurse practitioners |
||
| 650 |
_92174 _aIntensive care nursing |
||
| 700 |
_92176 _aMyers, Charlene M. |
||
| 942 |
_2ddc _cBB |
||
| 999 |
_c10923 _d10923 |
||